| 000 | 00501nam a2200181Ia 4500 | ||
|---|---|---|---|
| 008 | 191130s2006##################000#0#eng## | ||
| 020 | _a9788125028970 | ||
| 040 |
_aACL _cACL |
||
| 082 | _a428.24 RAO | ||
| 100 | _aRama Krishna Rao, A | ||
| 245 |
_aLearning English: a communicative approach _cA Rama Krishna Rao |
||
| 260 |
_aBangalore _bOrient _c2006 |
||
| 300 | _a136p.:ill | ||
| 650 | _aEnglish language | ||
| 990 | _a1d845e1dac10000c0c0b5797ce623a56 | ||
| 991 | _a427203 | ||
| 999 |
_c230593 _d230593 |
||